000 00973nam a22002417a 4500
999 _c18165
_d18165
003 AR-CdUCM
008 190513b ||||| |||| 00| 0 spa d
040 _aMUNICIPALIDAD PROVINCIAL DEL CUSCO
_cBIBLIOTECA MUNICIPAL DEL CUSCO
041 _heng
082 _a301.19 /
_bC97
100 _aCurtis, Jack H.
_938600
245 _aPsicología social /
260 _aBarcelona :
_bEdiciones Grijalbo,
_c1962.
300 _a477 páginas ;
_bfiguras,
_c24 cm.
505 _aContenido: El campo de la psicología social -- Teoría de la psicología social -- Los métodos de la psicología social -- Precursores filosóficos -- La sociología y la psicología como precursoras de la psicología social ...
650 _aPsicología social
_94539
650 _aLa personalidad
_926106
650 _aEl aprendizaje
_938601
700 _aMasana Ronquillo, Juan
_938602
700 _aToro Trallero, José (traductores)
_938603
942 _2ddc
_cLIBROS
945 _aachl
_d2019-05-13